000 00872nas a2200289 4500
001 BR7800858
003 BR-BrBNA
005 20231205083331.0
007 ta
008 230509b bl.|||p| |||| 00| 00por d
040 _aBR-BrBNA
_bpor
_cBiblioteca Nacional de Agricultura
041 _a(En)
072 _aH20
100 1 _aAlba, A.P.C.
100 1 _aChagas, C.M.
100 1 _aVicente, M.
100 1 _aJuly, J.R.
100 1 _aHebert, T.T.
245 1 _aPartial purification and serology of tomato white necrosis virus [tomate, Lycopersicum esculentum, necrose branca, Brasil]
650 _aDOENCA DE PLANTA
650 _aTOMATE
650 _aNECROSE BRANCA
650 _aVIRUS
773 0 _tSumma Phytopathologica (Brazil)
_xISSN 0100-5405
_g(Apr 1977), v. 3(2) p. 131-134
_wBR7800858
909 _a202311
_bLúcia
_c55
_dLúcia Elande
942 _2AGRIS
_n0
_cANA
999 _c98048
_d98048